000 01034cam a22001934a 4500
005 20250605164047.0
008 250528s ||||||||||||||||||||||||d
035 _a17156
020 _a528671189
040 _aGR-AtMCL
_bgre
_dGR-AtMCL
_eAACR2
245 1 _aModern Economics / Microeconomics: Principles and Policy
260 _bRand Mcnally,
_c1979
300 _a394
520 _aPreface, Introduction, Prosperity and Pollution, Society's Economic Possibilities, The American Economy, The Market Economy, Supply and Demand and the Market, The Market Mechanism, The Consumer in a Market Economy, Production for the Market, The Perfectly Competitive Economy, Problems and Policy in the Market Economy, Imperfect Competition, Modern Market Structures, Failure of the Market, Microeconomic Policy, The Cities, Agriculture, Distribution, Distribution and the Price System, Labor Income, Nonlabor Income, Distribution Policy, Glossary, Index.
700 1 _aLancaster Kelvin
_93305
942 _cBK
999 _c2594
_d2594